| 000 | 00488nam a22001697a 4500 | ||
|---|---|---|---|
| 005 | 20251108173229.0 | ||
| 008 | 250721s9999 xx 000 0 ara d | ||
| 082 | 1 | 4 | _aط/ق/داك |
| 100 | 1 |
_aفرحات، عماد _eمترجم |
|
| 245 | 1 | 0 | _aسلسلة قصص دونالد داك / |
| 264 | 1 |
_aبيروت : _bدار القبس، |
|
| 650 | 1 | 7 | _aالقصص العربية |
| 650 | 1 | 7 | _aأدب الأطفال |
| 700 | 1 | _aداك، دونالد | |
| 942 |
_2ddc _cBK |
||
| 999 |
_c99075 _d99075 |
||